000 00927nam a2200217 a 4500
001 48631
003 BD-RjUL
005 20211209054545.0
008 160814s1959 ii |||| ||| 000 0 ben d
035 _a(BD-RjUL)48750
040 _aBD-RjUL
_bben
_cBD-RjUL
_dBD-RjUL
041 _aben
082 _223
_a891.44209
_bBHR 1959
100 1 _aভট্টাচার্য, উপেন্দ্রনাথ
_9146863
245 1 0 _aরবীন্দ্র নাট্য-পরিক্রমা /
_cউপেন্দ্রনাথ ভট্টাচার্য
260 _aকলিকাতা :
_bওরিয়েন্ট বুক কোং,
_c১৯৫৯ [১৩৬৬]
300 _a[৬] ৫৮৭ পৃ. ;
_e২১ সেমি.
650 _aবাংলা নাটক
_xইতিহাস ও সমালোচনা
_9123674
650 _aBengali Drama
_xHistory and criticism
_9122764
942 _2ddc
_cBK
_02
999 _c48631
_d48631